菲律宾历任总统 Philippines presidents - Statistics

General Stats
  • This quiz has been taken 17 times
  • The average score is 5 of 17
Answer Stats
任次 总统 任职日期 离职日期 时期 % Correct
16 罗德里戈·杜特尔特 2016年6月30日 2022年6月30日
100%
10 费迪南德·马科斯 1965年12月30日 1986年2月25日 第四共和国
93%
17 小费迪南德·马科斯 2022年6月30日 现任
93%
11 柯拉蓉·阿基诺 1986年2月25日 1992年6月30日 第五共和国
71%
15 贝尼格诺·艾奎诺 2010年6月30日 2016年6月30日
64%
14 格洛丽亚·阿罗约 2001年1月20日 2010年6月30日
36%
13 约瑟夫·埃斯特拉达 1998年6月30日 2001年1月20日
29%
2 何塞·帕西亚诺·劳雷尔 1943年10月14日 1945年8月17日 第二共和国
7%
3 曼努埃尔·奎松 1935年11月15日 1944年8月1日 菲律宾自由邦
7%
1 埃米利奥·阿奎纳多 1899年1月23日 1901年3月23日 第一共和国
0%
4 塞尔吉奥·奥斯米纳 1944年8月1日 1946年5月28日
0%
5 曼努埃尔·罗哈斯 1946年5月28日 1948年4月15日 第三共和国
0%
6 埃尔皮迪奥·基里诺 1948年4月17日 1953年12月30日
0%
7 拉蒙·麦格赛赛 1953年12月30日 1957年3月17日
0%
8 卡洛斯·加西亚 1957年3月18日 1961年12月30日
0%
9 迪奥斯达多·马卡帕加尔 1961年12月30日 1965年12月30日
0%
12 菲德尔·拉莫斯 1992年6月30日 1998年6月30日
0%
No matching quizzes found
Score Distribution
Percent of People with Each Score
Percentile by Number Answered
Your Score History
You have not taken this quiz